Países aleatorios en el mapa pixelado del mundo - Estadísticas

Estadísticas generales
  • Esta prueba ha sido intentada 3.230 veces
  • La puntuación promedio es 17 de 20
Respuestas en el mapa
Las respuestas están codificadas por una escala verde-roja en el mapa de la prueba según el % correcto abajo.
 
Estadísticas de respuestas
país % Correcto
Argentina
100%
Canadá
100%
China
100%
Estados Unidos
100%
México
100%
Rusia
100%
Brasil
99%
Chile
99%
Colombia
99%
India
99%
Perú
99%
Australia
98%
España
98%
Francia
98%
Irlanda
98%
Islandia
98%
Reino Unido
98%
Finlandia
97%
Marruecos
97%
Noruega
97%
Venezuela
97%
Bolivia
96%
Dinamarca
96%
Egipto
96%
Japón
96%
Madagascar
96%
Mongolia
96%
Paraguay
96%
Suecia
96%
Argelia
95%
Ecuador
95%
Italia
95%
Sudáfrica
95%
Uruguay
95%
Guyana
94%
Alemania
93%
Arabia Saudita
93%
Indonesia
93%
Corea del Norte
92%
Países Bajos
92%
Turquía
92%
Kazajistán
91%
Túnez
91%
Corea del Sur
90%
Polonia
90%
Ucrania
90%
Irán
89%
República Democrática del Congo
89%
Surinam
89%
Lituania
88%
Nueva Zelanda
88%
Sudán
88%
Libia
87%
Guatemala
86%
Nicaragua
86%
Tailandia
86%
Omán
85%
Pakistán
85%
Bielorrusia
84%
Grecia
84%
Irak
84%
Mauritania
83%
Níger
83%
Papua Nueva Guinea
83%
Etiopía
82%
Myanmar
82%
Camboya
81%
Chad
81%
Mozambique
81%
Nepal
81%
República Checa
81%
Rumania
81%
Somalia
81%
Yemen
81%
Namibia
80%
Siria
80%
Vietnam
80%
Laos
79%
Malasia
79%
República Centroafricana
79%
Bangladés
78%
Eritrea
78%
Filipinas
78%
Nigeria
78%
Angola
77%
Jordania
77%
Kenia
77%
Malí
77%
Sudán del Sur
77%
Afganistán
76%
Azerbaiyán
76%
Botsuana
76%
Guinea
76%
Senegal
76%
Tanzania
76%
Camerún
73%
Costa de Marfil
73%
Uzbekistán
73%
Zambia
73%
República del Congo
72%
Ghana
71%
Gabón
70%
Kirguistán
70%
Uganda
70%
Austria
69%
Bulgaria
69%
Turkmenistán
69%
Hungría
68%
Burkina Faso
67%
Sierra Leona
67%
Benín
65%
Serbia
65%
Tayikistán
64%
Zimbabue
56%
No se encontraron pruebas coincidentes
Distribución de puntuación
Porcentaje de gente con cada puntuación
Porcentaje por número respondido
Historial de tus puntuaciones
No has intentado esta prueba.